000 00646nam a2200205Ii 4500
003 JO-AjNU
008 230605s9999||||xx |||||||||||||| ||und||
040 _aJO-AjNU
_bara
_erda
_cJO-AjNU
041 _aara
050 1 4 _aPJ7543.J2 1986
100 3 _aالجبوري، يحيى,
_eauthor
_926334
245 0 0 _aالشعر الجاهلي: خصائصة وفنونة
250 _aط5
264 3 1 _aبيروت: مؤسسة الرسالة، 1986
300 _a510ص
336 _atext
_btxt
_2rdacontent
337 _aunmediated
_bn
_2rdamedia
338 _avolume
_bnc
_2rdacarrier
650 4 _aالشعر الجاهلي- تاريخ ونقد
_926335
999 _aA9965
_c13533
_d13533